| 000 | nam a22 7a 4500 | ||
|---|---|---|---|
| 999 |
_c153603 _d153601 |
||
| 005 | 20200114124255.0 | ||
| 008 | 200114b ck ||||| |||| 00| 0 spa d | ||
| 020 | _a9586013189 | ||
| 050 | 0 | 4 |
_aP91.27 _bB35 1991 |
| 100 | 1 | _aBalle, Francis | |
| 240 | 1 | 0 |
_aMédias et sociétés. _lEspañol. |
| 245 | 1 | 0 |
_aComunicación y sociedad _b: evolución y análisis comparativo de los medios _c/ Francis Balle; traducción de Mauricio Vargas |
| 250 | _a1a ed. | ||
| 260 |
_aBogota : _bTercer mundo editores, _c1991 |
||
| 300 |
_a514 p. ; _c22 cm. |
||
| 490 | 0 | _aComunicación social | |
| 504 | _aIncluye bibliografía e indice | ||
| 650 | 7 |
_2lemb _a Medios de comunicación social |
|
| 650 | 7 |
_2lemb _aMedios de comunicación de masas _xHistoria |
|
| 700 | 1 |
_aVargas, Mauricio _etraductor |
|
| 942 |
_2lcc _cLIB |
||